vacillator - ethel cain - Statistics

General Stats
  • This quiz has been taken 23 times
  • The average score is 108 of 126
Answer Stats
Answer % Correct
i
100%
if
100%
it
100%
keep
100%
love
100%
me
100%
to
100%
you
100%
yourself
100%
when
92%
a
85%
baby?
85%
could
85%
day
85%
make
85%
times
85%
twenty
85%
want
85%
can
77%
cum
77%
like
77%
so
77%
that
77%
the
77%
youre
77%
and
69%
sound
69%
do
62%
in
62%
without
62%
wont
62%
move
54%
then
54%
at
46%
bite
46%
but
46%
close
46%
crowded
46%
door
46%
edge
46%
escape
46%
let
46%
lightning
46%
lose
46%
or
46%
rooms
46%
smooth
46%
thunder
46%
clawing
23%
No matching quizzes found
Score Distribution
Percent of People with Each Score
Percentile by Number Answered
Your Score History
You have not taken this quiz